| 000 | 00500nam a22001697a 4500 | ||
|---|---|---|---|
| 003 | LK-CoDNM | ||
| 005 | 20250206085532.0 | ||
| 008 | 250131b |||||||| |||| 00| 0 eng d | ||
| 040 |
_aLK-CoDNM _dLK-CoDNM _eLK-CoDNM |
||
| 041 | _aeng | ||
| 080 | _a112 | ||
| 245 | _aDifco Manual of Dehydrated Culture Media and Reagents for Microbiological and Xlinical Laboratory Procedures | ||
| 260 |
_amichigan _bDifco laboratories _c1927 |
||
| 300 | _a350p. : ill ; 24 cm | ||
| 650 | _ascience | ||
| 942 | _cBK | ||
| 999 |
_c237871 _d237871 |
||